| 000 | 01707cam a2200349 a 4500 | ||
|---|---|---|---|
| 001 | 15766496 | ||
| 003 | OSt | ||
| 005 | 20221028090706.0 | ||
| 008 | 090608s2010 nyua b 001 0 eng | ||
| 010 | _a 2009020871 | ||
| 020 | _a0805859249 | ||
| 035 | _a(OCoLC)ocn298181958 | ||
| 040 |
_aDLC _cDLC _dBTCTA _dYDXCP _dC#P _dBWX _dCDX _dNLGGC _dIOJ _dOHS _dHEBIS _dDLC |
||
| 050 | 0 | 0 |
_aBF637.B4 _bF57 2010 |
| 082 | 0 | 0 |
_a153.8/5 _222 |
| 084 |
_a77.60 _2bcl |
||
| 100 | 1 | _aFishbein, Martin. | |
| 245 | 1 | 0 |
_aPredicting and changing behavior : _bthe reasoned action approach / _cMartin Fishbein, & Icek Ajzen. |
| 260 |
_aNew York : _bPsychology Press, _c2010. |
||
| 300 |
_axix, 518 p. : _bill. ; _c24 cm. |
||
| 504 | _aIncludes bibliographical references (p. 411-448) and indexes. | ||
| 505 | 0 | _aDefining and predicting behavior -- Attitudes and their determinants -- Perceived norms and their determinants -- Perceived behavioral control and its determinants -- Attitudes, norms and control as predictors of intentions and behavior -- Background factors and origins of beliefs -- General attitudes and the prediction of behavior -- Challenges to the reasoned action approach -- Changing behavior : theoretical considerations --Changing behavior : sample interventions -- Appendix: Constructing a reasoned action questionnaire. | |
| 650 | 0 | _aBehavior modification. | |
| 650 | 0 | _aExpectation (Psychology) | |
| 650 | 0 | _aHuman behavior. | |
| 650 | 1 | 2 | _aBehavior Therapy. |
| 650 | 2 | 2 | _aSocial Behavior. |
| 700 | 1 | _aAjzen, Icek. | |
| 906 |
_a7 _bcbc _corignew _d1 _eecip _f20 _gy-gencatlg |
||
| 942 |
_2lcc _cBK |
||
| 999 |
_c19713 _d19712 |
||